header

Japanese American celebration and conflict (Record no. 65732)

MARC details
000 -LEADER
fixed length control field 01969nam a2200421 a 4500
082 04 - DEWEY DECIMAL CLASSIFICATION NUMBER
Classification number 979.4/94004956
100 1# - MAIN ENTRY--AUTHOR NAME
Personal name Kurashige, Lon,
245 10 - TITLE STATEMENT
Title Japanese American celebration and conflict
260 ## - PUBLICATION, DISTRIBUTION, ETC. (IMPRINT)
Place of publication Berkeley :
Name of publisher University of California Press,
Year of publication c2002.
300 ## - PHYSICAL DESCRIPTION
Number of Pages xxii, 274 p. :
Other physical details ill.
490 1# - SERIES STATEMENT
Series statement American crossroads ;
650 #0 - SUBJECT ADDED ENTRY--TOPICAL TERM
Topical Term Japanese Americans
Topical Term Japanese Americans
Topical Term Japanese Americans
Topical Term Ethnic festivals
Topical Term Citizens' associations
856 40 - ELECTRONIC LOCATION AND ACCESS
Uniform Resource Identifier http://site.ebrary.com/lib/rucke/Doc?id=10053558

No items available.

© 2026 Rongo University
Contact us: librarian | system librarian | Rongo university